000 00669nam a2200217Ia 4500
003 OSt
005 20251117122330.0
008 220923b |||||||| |||| 00| 0 eng d
020 _a1591400876
037 _cGeneral Book
040 _aRTL
_cRTL
_beng
041 _2eng
_aeng
084 _aY:3(P,8), P3
_qRTL
100 _aTruss, Lynne
_9317380
245 0 _aEats,shoots and leaves: the zero tolerance approaches
_b
260 _aNew York
_bGotham Books
_c2003
300 _axxvii,209 p.
_bIncludes bibliographical references and index.
500 _aBibliography P205-209
942 _hY:3(P,8), P3
_cGB
_2CC
_n0
999 _c624495
_d624495